000 02002nam0a2200421 4500
001 RU\NLR\bibl\1691313
005 20260409071538.0
010 _a978-5-91942-002-6
_97000
021 _aRU
_b2010-72184
_94779
035 _a(nilc)RSL-KNO-004733354
035 _a(NLR Aleph) 001682427
090 _a1109652
_c1109652
100 _a20100921d2010 |||y0rusy50 ca
101 0 _arus
102 _aRU
105 _aa zzzz|||||
200 1 _aСоловецкий монастырь. Анзер и его святыни
_f[сост. В. П. Столяров]
205 _aИзд. 4-е, доп.
210 _aОстров Соловецкий (Архангельская обл.)
_cСпасо-Преображенский Соловецкий ставропигиальный мужской монастырь
_d2010
215 _a189, [3] с.
_cил., портр., цв. ил.
_d22
320 _aБиблиогр. в конце ст.
517 0 _aАнзер и его святыни
601 0 2 _aСвято-Троицкий скит
_cАрхангельская область
_92616325
_3RU\NLR\auth\661552884
601 0 2 _aГолгофо-Распятский скит
_cАрхангельская область
_92616326
_3RU\NLR\auth\661552885
601 0 2 _aСоловецкий монастырь
_3RU\NLR\auth\66717498
_91625463
686 _aЭ372.24-647.2,0
_2rubbk
686 _aЭ372.24-647.2
702 1 _aСтоляров
_bВ. П.
_4220
801 0 _aRU
_bРГБ
_c20100921
_grcr
801 1 _aRU
_bРГБ
_c20100921
801 2 _aRU
_bNLR
_c20101028
_grcr
942 _cBOOK
980 _aNB